Jaki to piłkarz w FC 25? - Statystyki

Ogólne statystyki
  • Ten quiz został rozwiązany 57 razy
  • Średni wynik to 38 z 65
Statystyki odpowiedzi
Ovr Pozycja Klub Piłkarz % Poprawnych
91 N Man. City Haaland
93%
91 N Real Madrid Mbappe
91%
91 ŚPD Man. City Rodri
86%
89 BR PSG Donnarumma
79%
90 N Bayern Munich Kane
79%
88 PS Inter Miami Messi
79%
86 N Al Nassr Ronaldo
79%
89 BR Liverpool Alisson
77%
90 ŚPO Real Madrid Bellingham
77%
89 PS Liverpool Salah
77%
89 BR FC Bacelona Ter Stegen
77%
90 LS Real Madrid Vinicius
77%
88 N FC Barcelona Lewandowski
74%
89 ŚO Liverpool Van Dijk
74%
90 ŚP Man. City De Bruyne
72%
88 BR Borussia Dortmund Kobel
72%
89 N Lombardia FC Martinez
72%
87 BR Aston Villa Martinez
72%
87 LS Al Hillal/Santos Neymar
72%
89 BR Real Madrid Courtois
70%
88 BR Atlethico Madryt Oblak
70%
89 ŚP Arsenal Odegaard
70%
87 PS Arsenal Saka
70%
88 BR Man. City Ederson
67%
88 ŚO Man. City Dias
63%
87 ŚPO Roma FC Dybala
63%
86 ŚP Real Madrid Modric
63%
87 ŚPO Bayern Munich Musiala
63%
86 ŚP FC Barcelona Pedri
63%
87 ŚPD Arsenal Rice
63%
88 ŚO Real Madrid Rudiger
63%
87 ŚO Arsenal Saliba
63%
87 N Tottenham Son
63%
88 ŚPO Bayer Leverkusen Wirtz
60%
88 PS Man. City Foden
58%
87 ŚPO Man. United Fernandes
56%
86 PS Real Madrid Rodrygo
56%
87 ŚP FC Barcelona De Jong
53%
86 PS PSG Dembele
53%
88 ŚP Man. City Silva
53%
88 ŚP Real Madrid Valverde
53%
86 ŚO Arsenal Gabriel
51%
87 LO Milano FC Hernandez
51%
87 ŚO Lombardia FC Bastoni
49%
86 N Al Ittihad Benzema
49%
88 N Atlethico Madryt Griezmann
47%
86 LS Milano FC Leao
47%
87 BR Lombardia FC Sommer
47%
86 ŚO Bayer Leverkusen Tah
47%
86 BR Bayern Munich Neuer
44%
87 N Galatasaray Osimhen
44%
87 ŚP Lombardia FC Barella
42%
86 PO Real Madrid Carvajal
42%
86 PO Bayern Munich Kimmich
42%
86 ŚO Juventus Bremer
40%
86 LO Al Hillal Cancelo
40%
87 BR Milano FC Maignan
40%
86 ŚPD Bayer Leverkusen Xhaka
40%
86 PO Liverpool` Alexander-Arnold
37%
86 ŚP Liverpool Mac Allister
37%
87 ŚO PSG Marquinhos
37%
86 BR Atletic Bilbao Simon
37%
86 LP Bayer Leverkusen Grimaldo
35%
87 ŚP Man. City Gundogan
35%
86 ŚPD Lombardia FC Calhanoglu
33%
Nie znaleziono quizów pasujących do podanych kryteriów
Rozkład punktacji
Procent ludzi z każdym wynikiem
Percentyl według liczby udzielonych odpowiedzi
Twoja historia wyników
Nie rozwiązałeś tego quizu